000
00218nam a22000857a 4500
008
170617b xxu||||| |||| 00| 0 eng d
100
_9
3480
_a
Dilwali. A
245
_a
All about photography
260
_a
New Delhi
_b
N. B. T
_c
2002
999
_c
6854
_d
6854